Historia de la monarquía en Europa, desde su origen hasta nuestro días / (Record no. 156838)
[ view plain ]
| 000 -LEADER | |
|---|---|
| campo de control de longitud fija | 01203nam a2200265 i 4500 |
| 001 - NÚMERO DE CONTROL | |
| campo de control | 156838 |
| 003 - IDENTIFICADOR DE NÚMERO DE CONTROL | |
| campo de control | ES-MaACL |
| 005 - FECHA Y HORA DE LA ÚLTIMA TRANSACCIÓN | |
| campo de control | 20230906210518.0 |
| 008 - DATOS DE LONGITUD FIJA--INFORMACIÓN GENERAL | |
| campo de control de longitud fija | 950206s1860 sp a |||| | spa d |
| 040 ## - FUENTE DE CATALOGACIÓN | |
| Centro catalogador/agencia de origen | CARM |
| 100 1# - ENTRADA PRINCIPAL--NOMBRE DE PERSONA | |
| Nombre de persona | Lacombe, Francis ( |
| Fechas asociadas al nombre | 1817-1867) |
| 9 (RLIN) | 128562 |
| 245 10 - MENCIÓN DEL TÍTULO | |
| Título | Historia de la monarquía en Europa, desde su origen hasta nuestro días / |
| Mención de responsabilidad, etc. | por M. Francis Lacombe ; traducida por Joaquín Gibert. |
| 260 ## - PUBLICACIÓN, DISTRIBUCIÓN, ETC. | |
| Lugar de publicación, distribución, etc. | Madrid : |
| Nombre del editor, distribuidor, etc. | Antonio de San Martín : |
| -- | Emilio Font ; |
| Lugar de publicación, distribución, etc. | Barcelona : |
| Nombre del editor, distribuidor, etc. | Librería de El Plus Ultra, |
| Fecha de publicación, distribución, etc. | 1860. |
| 300 ## - DESCRIPCIÓN FÍSICA | |
| Extensión | 4 v. : |
| Otras características físicas | il. ; |
| Dimensiones | 20 cm. |
| 490 1# - MENCIÓN DE SERIE | |
| Mención de serie | La Maravilla. |
| -- | Segunda serie. |
| -- | Sección Instructiva |
| 597 ## - NOTA DE DESCRIPCIÓN FÍSICA | |
| NOTA DE DESCRIPCIÓN FÍSICA | Junto con [3] h. de propaganda ed. en v. 1 y [4] h. en v. 4. |
| 597 ## - NOTA DE DESCRIPCIÓN FÍSICA | |
| NOTA DE DESCRIPCIÓN FÍSICA | T.I (380 p.,[1] h. de lám.) - T.II (399 p.,[1] h. de lám.) - T.I (429 p.,[1] h. de lám.) - T.I (408 p.,[1] h. de lám.) |
| 599 ## - NOTA A LAS ILUSTRACIONES | |
| NOTA A LAS ILUSTRACIONES | Las h. de lám. son grab. calc. |
| 650 #4 - PUNTO DE ACCESO ADICIONAL DE MATERIA--TÉRMINO DE MATERIA | |
| Término de materia o nombre geográfico como elemento de entrada | Monarquía- |
| Subdivisión geográfica | Europa- |
| Subdivisión general | Historia. |
| 9 (RLIN) | 163473 |
| 651 #4 - PUNTO DE ACCESO ADICIONAL DE MATERIA--NOMBRE GEOGRÁFICO | |
| Nombre geográfico | Europa- |
| Subdivisión general | Reyes y Soberanos. |
| 9 (RLIN) | 137143 |
| 700 1# - ENTRADA AGREGADA--NOMBRE PERSONAL | |
| Nombre de persona | Gibert, Joaquín. |
| 9 (RLIN) | 56646 |
| 830 0# - PUNTO DE ACCESO ADICIONAL DE SERIE-TÍTULO UNIFORME | |
| Título uniforme | La Maravilla. |
| -- | Segunda serie. |
| -- | Sección Instructiva |
| 9 (RLIN) | 221725 |
| 852 ## - LOCALIZACIÓN | |
| Ubicación | ES-MaACL |
| Número de control de estantería | D-1210-13 |
| Nota libre | - Enc. tela |
| Estatus retirado | Estado de pérdida | Estado de daño | No para préstamo | Colección | Biblioteca de origen | Biblioteca actual | Ubicación en estantería | Fecha de adquisición | Total de préstamos | Signatura topográfica completa | Código de barras | Visto por última vez | Precio de reemplazo | Tipo de ítem Koha |
|---|---|---|---|---|---|---|---|---|---|---|---|---|---|---|
| Libros del s. XIX | Biblioteca del Ateneo de Madrid | Biblioteca del Ateneo de Madrid | Sala Valle Inclán | 17/01/2008 | D-1210-13 | 901164093 | 23/02/2023 | 23/02/2023 | Libro impreso antiguo |
